Visualizzazione normale
Vista MARC
- Bogomolev Valdimir
di Personal Name
Records bibliografici associati: 1
001 - CONTROL NUMBER
- control field: 46182
003 - CONTROL NUMBER IDENTIFIER
- control field: IT-RoPau
005 - DATE AND TIME OF LATEST TRANSACTION
- control field: 20151129221942.0
008 - FIXED-LENGTH DATA ELEMENTS
- fixed length control field: 151129|| aca||aabn | a|a d
040 ## - CATALOGING SOURCE
- Original cataloging agency: IT-RoPau
- Transcribing agency: IT-RoPau
100 ## - HEADING--PERSONAL NAME
- Personal name: Bogomolev Valdimir
- Relator term: (soggetto)
- Miscellaneous information: Codice Soggetto SPICS: 29166
670 ## - SOURCE DATA FOUND
- Source citation: Work cat.: (IT-RoPau)106307: Tarkovskij Andrej Codice regista SPICS: 1652 46179, INFANZIA DI IVAN (L') INFANZIA DI IVAN (L') (Rif. Codice opera principale : 21667)